Проектирование - инновационная технология в системе повышения квалификации преподавателей английского языка; Коммуникативные аспекты языка и культуры

Библиографические подробности
Источник:Коммуникативные аспекты языка и культуры.— 2003.— С. 201-204.
Главный автор: Кокшарова Н. Ф.
Язык:русский
Опубликовано: 2003
Предметы:
Формат: MixedMaterials Статья
Запись в KOHA:https://koha.lib.tpu.ru/cgi-bin/koha/opac-detail.pl?biblionumber=102042

MARC

LEADER 00000naa2a2200000 4500
001 102042
005 20231031112831.0
035 |a (RuTPU)RU\TPU\book\110041 
090 |a 102042 
100 |a 20060919d2003 k y0rusy50 ca 
101 0 |a rus 
102 |a RU 
200 1 |a Проектирование - инновационная технология в системе повышения квалификации преподавателей английского языка  |f Н. Ф. Кокшарова 
320 |a Библиогр.: 3 назв. 
463 0 |0 (RuTPU)RU\TPU\book\64057  |y 5-98298-046-3  |t Коммуникативные аспекты языка и культуры  |o III Всероссийская научно-практическая конференция студентов, аспирантов и молодых ученых, Томск, 15-16 мая 2003 г.  |o Сборник научных трудов  |f Томский политехнический университет; Институт языковой коммуникации  |v С. 201-204.  |d 2003  |p 249 с. 
610 1 |a инновационные технологии 
610 1 |a преподаватели 
610 1 |a квалификация 
610 1 |a английский язык 
610 1 |a иностранные языки 
610 1 |a обучение 
610 1 |a труды учёных ТПУ 
610 1 |a повышение 
700 1 |a Кокшарова  |b Н. Ф. 
801 1 |a RU  |b 63413507  |c 20060919  |g PSBO 
801 2 |a RU  |b 63413507  |c 20161026  |g PSBO 
942 |c BK